000 00308nam a22001457a 4500
008 210519b ||||| |||| 00| 0 eng d
020 _a9780155011045
041 _aeng
080 _29th
_a7
082 _a7
100 _a44
101 _aART
245 _aArt & Ideas
_cWilliam Fleming
942 _2udc
_cBK
999 _c57475
_d57475